|
|
|
|
| LEADER |
00000nas a22000007a 4500 |
| 001 |
ssj0050275 |
| 003 |
WaSeSS |
| 005 |
20200512172242.0 |
| 006 |
m d |
| 007 |
cr n |
| 008 |
050614c20019999fluqr pss 0 a0eng c |
| 010 |
|
|
|a 2009204365
|
| 022 |
|
|
|a 2150-6590
|l 1552-5791
|y 1552-5791
|
| 035 |
|
|
|a (WaSeSS)ssj0050275
|
| 037 |
|
|
|b Advanstar Communications, 131 West First Street, Duluth, MN 55802
|
| 040 |
|
|
|a OCLCS
|b eng
|c OCLCS
|d TXJ
|d CO3
|d DLC
|d OCLCQ
|d OCLCF
|d OCLCO
|d OCLCQ
|d UAB
|d Z5A
|d OCLCO
|d OCLCQ
|d OCLCO
|d REB
|d OCLCO
|d AU@
|d OCLCO
|d WYU
|d VT2
|d U3W
|d WaSeSS
|
| 042 |
|
|
|a pcc
|a nsdp
|
| 043 |
|
|
|a n-us---
|
| 060 |
|
4 |
|a W1
|b JO5795
|
| 082 |
0 |
0 |
|a 353.9/97/097305
|
| 130 |
0 |
|
|a Journal of GXP compliance (Online)
|
| 210 |
0 |
|
|a J. GXP compliance
|b (Online)
|
| 222 |
|
0 |
|a Journal of GXP compliance
|b (Online)
|
| 245 |
1 |
0 |
|a Journal of GXP compliance
|h [electronic resource].
|
| 246 |
3 |
0 |
|a GXP compliance
|
| 260 |
|
|
|a Royal Palm Beach, FL :
|b Institute of Validation Technology
|
| 310 |
|
|
|a Quarterly
|
| 362 |
1 |
|
|a Print began with v. 5, no. 3 (Apr. 2001).
|
| 506 |
|
|
|a License restrictions may limit access.
|
| 538 |
|
|
|a Mode of access: World Wide Web.
|
| 588 |
|
|
|a Description based on print version record.
|
| 610 |
1 |
0 |
|a United States.
|b Food and Drug Administration
|v Periodicals.
|
| 610 |
1 |
7 |
|a United States.
|b Food and Drug Administration.
|2 fast
|0 (OCoLC)fst00549734
|
| 650 |
|
0 |
|a Pharmacy
|x Law and legislation
|z United States
|v Periodicals.
|
| 650 |
|
0 |
|a Medical instruments and apparatus industry
|x Law and legislation
|z United States
|v Periodicals.
|
| 650 |
|
0 |
|a Food law and legislation
|z United States
|v Periodicals.
|
| 650 |
|
7 |
|a Food law and legislation.
|2 fast
|0 (OCoLC)fst00930954
|
| 650 |
|
7 |
|a Medical instruments and apparatus industry
|x Law and legislation.
|2 fast
|0 (OCoLC)fst01014249
|
| 650 |
|
7 |
|a Pharmacy
|x Law and legislation.
|2 fast
|0 (OCoLC)fst01060303
|
| 650 |
1 |
2 |
|a Pharmaceutical Preparations
|x standards
|z United States
|v Periodicals.
|
| 650 |
2 |
2 |
|a Clinical Trials
|x standards
|z United States
|v Periodicals.
|
| 650 |
2 |
2 |
|a Drug and Narcotic Control
|x legislation & jurisprudence
|z United States
|v Periodicals.
|
| 650 |
2 |
2 |
|a Equipment and Supplies
|x standards
|z United States
|v Periodicals.
|
| 650 |
2 |
2 |
|a Quality Control
|z United States
|v Periodicals.
|
| 651 |
|
7 |
|a United States.
|2 fast
|0 (OCoLC)fst01204155
|
| 655 |
|
0 |
|a Electronic journals.
|
| 710 |
2 |
|
|a Institute of Validation Technology.
|
| 776 |
1 |
|
|t Journal of GXP compliance
|x 1552-5791
|w (DLC) 2004200188
|w (OCoLC)49758117
|
| 780 |
0 |
0 |
|t Journal of CGMP compliance
|x 1091-3483
|w (DLC) 97656139
|w (OCoLC)35757569
|
| 856 |
4 |
0 |
|z Full text available from Research Library: 01/01/2009 to 10/31/2012
|u https://search.proquest.com/publication/52720
|